Normal view
MARC view
Entry Personal Name
001 - CONTROL NUMBER
- control field: 10676
003 - CONTROL NUMBER IDENTIFIER
- control field: OSt
005 - DATE AND TIME OF LATEST TRANSACTION
- control field: 20160815185055.0
008 - FIXED-LENGTH DATA ELEMENTS
- fixed length control field: 160815|| aca||aabn | a|a d
040 ## - CATALOGING SOURCE
- Original cataloging agency: OSt
- Transcribing agency: OSt
100 ## - HEADING--PERSONAL NAME
- Personal name: Millman, Andrew
670 ## - SOURCE DATA FOUND
- Source citation: Work cat.: (OSt): Lee, Nicholas 10674, ABC of medical computing /, 1996
